| 000 | 01253nam a22001937a 4500 | ||
|---|---|---|---|
| 999 |
_c23420 _d23420 |
||
| 003 | AR-CdUCM | ||
| 008 | 251218b2024 pe ||||| |||| 00| 0 spa d | ||
| 040 |
_aMUNICIPALIDAD PROVINCIAL DEL CUSCO _cBIBLIOTECA MUNICIPAL DEL CUSCO |
||
| 041 | _hspa | ||
| 082 |
_a985.061 / _bM95 |
||
| 100 |
_aMunicipalidad Provincial del Cusco. _951684 |
||
| 245 |
_aTúpac Amaru más allá de la sentencia / _bDocumentos sobre la Gran Rebelión 1780 - 1783 . |
||
| 260 |
_aCusco _bMunicipalidad Provincial del Cusco _c2024 |
||
| 300 |
_a138 páginas. : _c23 x 28 cm. |
||
| 500 | _zpágina 138. | ||
| 505 | _aCapítulo I: La Gran Rebelión y su contexto histórico -- Linea de tiempo -- El siglo de las luces y el inicio de la edad -- Capitulo II: La Gran Rebelión -- Capítulo III: La historia se repite -- La ejecución del Inca en la Plaza de Armas -- Capítulo IV: La Gran Rebelión en la memoria histórica temprana 1816 - 1838 -- Capítulo V: Breve análisis jurídico de la sentencia a Túpac Amaru --.Sobre la sentencia de pena de muerte y los derechos fundamentales -- Ajusticiamiento -- Oscar Luque Cutipa -- Micaela Bastidas en la búsqueda de la salida a la opresión -- Comentario a la sentencia.... | ||
| 942 |
_2ddc _cLIBROS |
||
| 945 |
_ajmcs _d18/12/2025 |
||